Hunger Games - Tous les tribus - Statistiques

Statistiques générales
  • Ce quiz a été pris 445 fois
    209 depuis la dernière actualisation
  • Le résultat moyen est 45 sur 120
Statistiques - réponses
Édition District Réponse % Correct
50e édition Homme District 12 Haymitch
92%
74e édition | 75e édition Femme District 12 Katniss
92%
74e édition | 75e édition Homme District 12 Peeta
92%
74e édition Femme District 11 Rue
91%
11e édition | 75e édition Femme District 4 Mags
88%
65e édition | 75e édition Homme District 4 Finnick
87%
74e édition Homme District 2 Cato
86%
34e édition | 75e édition Homme District 3 Beetee
80%
71e édition | 75e édition Femme District 7 Johanna
80%
10e édition Femme District 12 Lucy Gray
77%
74e édition Femme District 2 Clove
76%
74e édition Femme District 5 La renarde
76%
49e édition | 75e édition Femme District 3 Wiress
75%
74e édition Femme District 1 Glimmer
73%
70e édition Femme District 4 Annie
65%
74e édition Homme District 1 Marvel
65%
74e édition Homme District 11 Thresh
65%
75e édition Homme District 2 Brutus
62%
62e édition | 75e édition Femme District 2 Enobaria
61%
75e édition Femme & Homme District 6 Les drogués
58%
63e édition | 75e édition Homme District 1 Gloss
54%
50e édition Femme District 12 Maysilee
54%
50e édition Femme District 12 Louella
51%
64e édition | 75e édition Femme District 1 Cashmere
50%
45e édition | 75e édition Homme District 11 Chaff
45%
50e édition Homme District 3 Ampert
40%
50e édition Homme District 12 Wyatt
39%
10e édition Homme District 12 Jessup
31%
75e édition Femme District 11 Seeder
29%
10e édition Femme District 4 Coral
28%
10e édition Homme District 2 Marcus
28%
50e édition Homme District 1 Panache
28%
50e édition Femme District 6 Wellie
27%
50e édition Femme District 1 Silka
25%
75e édition Homme District 7 Blight
24%
10e édition Homme District 11 Reaper
24%
10e édition Homme District 5 Hy
21%
75e édition Femme District 8 Cecelia
20%
10e édition Femme District 7 Lamina
20%
50e édition Femme District 4 Maritte
20%
10e édition Femme District 8 Wovey
20%
50e édition Femme District 7 Autumn
19%
10e édition Femme District 11 Dill
19%
50e édition Femme District 6 Velo
19%
50e édition Femme District 11 Chicory
17%
50e édition Femme District 3 Coil
17%
50e édition Femme District 3 Dio
17%
50e édition Femme District 1 Carat
17%
50e édition Homme District 1 Loupe
17%
10e édition Homme District 4 Mizzen
17%
10e édition Femme District 5 Sol
17%
50e édition Homme District 4 Urchin
17%
75e édition Homme District 8 Woof
17%
50e édition Homme District 2 Alpheus
16%
50e édition Femme District 2 Camilla
16%
50e édition Homme District 11 Hull
16%
50e édition Femme District 7 Ringina
16%
10e édition Homme District 7 Treech
16%
50e édition Homme District 4 Angler
15%
50e édition Femme District 5 Anion
15%
50e édition Femme District 4 Barba
15%
50e édition Homme District 7 Bircher
15%
10e édition Homme District 8 Bobbin
15%
50e édition Homme District 10 Buck
15%
50e édition Homme District 9 Clayton
15%
50e édition Homme District 5 Hychel
15%
50e édition Homme District 2 Janus
15%
50e édition Femme District 10 Lannie
15%
50e édition Homme District 3 Lect
15%
50e édition Femme District 2 Nona
15%
50e édition Homme District 11 Tile
15%
50e édition Femme District 11 Blossom
14%
10e édition Femme District 10 Brandy
14%
10e édition Homme District 3 Circ
14%
50e édition Homme District 5 Fisser
14%
50e édition Homme District 7 Heartwood
14%
50e édition Femme District 9 Kerna
14%
50e édition Femme District 9 Midge
14%
50e édition Homme District 6 Miles
14%
50e édition Femme District 5 Potena
14%
50e édition Homme District 9 Ryan
14%
50e édition Homme District 10 Stamp
14%
50e édition Femme District 8 Alawna
13%
50e édition Homme District 6 Atread
13%
10e édition Homme District 1 Facet
13%
50e édition Femme District 8 Notion
13%
10e édition Homme District 6 Otto
13%
50e édition Femme District 10 Peeler
13%
50e édition Homme District 8 Ripman
13%
10e édition Homme District 10 Tanner
13%
10e édition Femme District 3 Teslee
13%
10e édition Femme District 1 Velvereen
13%
50e édition Homme District 8 Wefton
13%
10e édition Homme District 9 Panlo
12%
10e édition Femme District 2 Sabyn
12%
10e édition Femme District 6 Ginnee
11%
10e édition Femme District 9 Sheaf
10%
67e édition Homme District 1 Augustus
9%
46e édition Homme District 1 Palladium
8%
38e édition Homme District 5 Porter
7%
Aucun quiz correspondant
Distribution des résultats
% des personnes avec chaque résultat
Percentile par nombre de réponses
Votre historique - résultats
Vous n’avez pas pris ce quiz depuis la dernière actualisation